| 000 | 00644nam a2200181 a 4500 | ||
|---|---|---|---|
| 001 | 000040704 | ||
| 005 | 20201002034322.0 | ||
| 008 | 130905s2010 dr 000 0 spa d | ||
| 020 | _a9789945442885 | ||
| 040 |
_aDO-SdBNP _bspa _cBNPHU |
||
| 082 |
_axxx _bxxx |
||
| 100 | 1 |
_aHerrera Morla, Miguel Angel _935627 |
|
| 245 | 1 | 0 |
_aSólo me faltó la firma : _bpersonajes y hechos reales / _cMiguel Angel Herrera Morla; prólogo, José Israel Cuello H. |
| 260 |
_aSanto Domingo, : _bTaller, _c2010. |
||
| 300 |
_a163 p ; _c20 cm. |
||
| 500 | _aIncluye datos biografícos en la contraportada del libro | ||
| 700 | 1 |
_aCuello H., José Israel _eprol. _96298 |
|
| 999 |
_c40194 _d40194 |
||